Competences and Scope of the Public Health Authority in the Slovak Republic on the Public Health Protection, Support and Development Section

Relevantná legislatíva a pravidlá ochrany spotrebiteľa v rámci pôsobnosti Úradu verejného zdravotníctva. Oblasti, ktoré v rámci svojej pôsobnosti zabezpečuje. Politika EÚ v oblasti bezpečnosti potravín. Aktuálna legislatíva v oblasti hygieny výživy a bezpečnosti potravín v SR.

Salvato in:
Dettagli Bibliografici
Autore principale: Hrušovská, Dana, 1964-
Natura: Capitolo di libro
Lingua:slovacco
Soggetti:
Tags: Aggiungi Tag
Nessun Tag, puoi essere il primo ad aggiungerne!!

MARC

LEADER 00000naa$a2200000$$$4500
001 0261149
005 20240527090349.3
041 0 |a slo 
044 |a CZ 
245 1 0 |a Competences and Scope of the Public Health Authority in the Slovak Republic on the Public Health Protection, Support and Development Section  |c Dana Hrušovská 
520 |a Relevantná legislatíva a pravidlá ochrany spotrebiteľa v rámci pôsobnosti Úradu verejného zdravotníctva. Oblasti, ktoré v rámci svojej pôsobnosti zabezpečuje. Politika EÚ v oblasti bezpečnosti potravín. Aktuálna legislatíva v oblasti hygieny výživy a bezpečnosti potravín v SR. 
610 2 0 |a bezpečnosť potravinová 
610 2 0 |a ochrana spotrebiteľa 
610 2 0 |a legislatíva 
610 2 0 |a zdravotníctvo verejné 
610 2 0 |a ochrana zdravia 
100 1 |a Hrušovská, Dana, 1964-